Marvel Heroes - Statistics

General Stats
  • This quiz has been taken 6 times
  • The average score is 21 of 53
Answer Stats
Alter-Ego Govt. Name % Correct
Iron Man Tony Stark
100%
Hulk Bruce Banner
83%
Spider-Man Peter Parker
83%
Captain America Steve Rodgers
83%
Winter Soldier Bucky Barnes
67%
Gamora Gamora
67%
Groot I am Groot
67%
Black Widow Natasha Romanoff
67%
SP//dr Peni Parker
67%
Spider-Ham Peter Porker
67%
Doctor Strange Stephen Strange
67%
Black Panther T'Challa
67%
Thor Thor Odinson
67%
The Thing Ben Grimm
50%
Hawkeye Clint Barton
50%
Punisher Frank Castle
50%
War Machine James "Rhodey" Rhodes
50%
Phoenix Jean Grey
50%
Human Torch Johnny Storm
50%
Scarlet Spider Kaine Parker
50%
Star-Lord Peter Quill
50%
Mr. Fantastic Reed Richards
50%
Falcon Sam Wilson
50%
Cyclops Scott Summers
50%
Invisible Woman Sue Storm
50%
Scarlet Witch Wanda Maximoff
50%
Wolverine James "Logan" Howlett
33%
U.S. Agent John Walker
33%
Nightcrawler Kurt Wagner
33%
Daredevil Matt Murdock
33%
Rocket Racoon
33%
Gambit Remy Lebeau
33%
Ant-Man Scott Lang
33%
Vision Vision
33%
White Widow Yelena Belova
33%
Red Guardian Alexei Shostakov
17%
Ghost Ava Starr
17%
Spider-Man Noir Ben Reilly
17%
Ghost-Spider Gwen Stacy
17%
Spider-Punk Hobie Brown
17%
Spider-Man 2099 Miguel O'Hara
17%
Ultimate Spider-Man Miles Morales
17%
Superior Spider-Man Otto Octavius
17%
Quicksilver Peter Maximoff
17%
Mystique Raven
17%
Agent 13 Sharon Carter
17%
Red Hulk Thunderbolt Ross
17%
Iceman Booby Drake
0%
Professor X Charles Xaivier
0%
Magneto Erik Lensherr
0%
Pyro John Allerdyce
0%
Storm Ororo Monroe
0%
Drax The Destroyer
0%
No matching quizzes found
Score Distribution
Percent of People with Each Score
Percentile by Number Answered
Your Score History
You have not taken this quiz